Normal view
MARC view
Entry Personal Name
001 - CONTROL NUMBER
- control field: 48120
003 - CONTROL NUMBER IDENTIFIER
- control field: OSt
005 - DATE AND TIME OF LATEST TRANSACTION
- control field: 20160322170806.0
008 - FIXED-LENGTH DATA ELEMENTS
- fixed length control field: 160322|| aca||aabn | a|a d
040 ## - CATALOGING SOURCE
- Original cataloging agency: OSt
- Transcribing agency: OSt
100 ## - HEADING--PERSONAL NAME
- Personal name: खॉ प्रोफेसर मुहम्मद इसराइल
670 ## - SOURCE DATA FOUND
- Source citation: Work cat.: (OSt)11722: खॉ प्रोफेसर मुहम्मद इसराइल , परा चेतना की उर्ध्व यात्रा, 2006









